00711nam a22002057a 4500008004100000020001500041020001500056040001800071041000800089245007000097260006000167300002200227490005100249504005300300650002300353650003400376650002300410650004400433700002800477130821s2002 xxu gr eng  a076560860X a0765608618 aCo-BoUCMbspa00aeng00aConstructivism and comparative politicscDaniel M. Green, editor. aArmonk (Nueva York, Estados Unidos)bM.E. Sharpecc2002 aix, 278 páginas 0aInternational relations in a constructed world aIncluye referencias bibliográficas e índice.04aCiencia política04aConstructivismo (Filosofía)04aGobierno comparado04aRelaciones internacionalesxFilosofía1 aGreen, Daniel M.d1961-